|
|
|
|
| LEADER |
00974nam a22002891a 4500 |
| 001 |
000037722 |
| 003 |
14017 |
| 005 |
20201202164200.0 |
| 008 |
160412s1983 000 |
| 020 |
|
|
|a 0521281423
|
| 040 |
|
|
|a lnn
|c lnn
|d lnn
|
| 082 |
0 |
0 |
|a 428
|b CO-N
|
| 100 |
1 |
|
|a Coe, Norman
|
| 245 |
1 |
0 |
|a Writing skills /
|c Norman Coe, Robin Rycroft, Pauline Ernest.
|
| 260 |
|
|
|a New York, NY :
|b Oxford University Press,
|c 1983.
|
| 300 |
|
|
|a viii,95 p. :
|b ill. ;
|c 25 cm.
|
| 650 |
|
0 |
|a English language
|x Study and teaching
|x Writing skills.
|
| 650 |
|
0 |
|a writing
|
| OWN |
|
|
|a LNN
|
| 902 |
|
|
|a TKA
|
| AVA |
|
|
|a UDN50
|b LNN
|c English
|e available
|t Error 5001 Not defined in file expand_doc_bib_avail.
|f 1
|g 0
|h N
|i 0
|j AN
|
| 999 |
|
|
|a From the UDN01
|
| AVA |
|
|
|a UDN50
|b LNN
|c English
|e available
|t Error 5001 Not defined in file expand_doc_bib_avail.
|f 1
|g 0
|h N
|i 0
|j AN
|
| TYP |
|
|
|a Monograph
|
| 980 |
|
|
|a Mạng thư viện Đại học Đà Nẵng
|